000 00738nam a22002057a 4500
003 OSt
005 20260316080608.0
008 260316b |||||||| |||| 00| 0 eng d
020 _a978-971-19-0300-8
040 _aDWCL GS lib
_cOC
100 _aGOURLAY, CANDY
245 _aTall story
_cGOURLAY, CANDY
260 _aPhilippines
_bCacho Publishing House
_c2010
300 _avii, 233 pages.
_c22cm.
520 _aAndi, a basketball-obsessed girl in London, and her long-lost half-brother, Bernardo, an 8-foot-tall teenager with gigantism from the Philippines.
546 _aEnglish
650 _2humorous, exaggerated American frontier folk stories
650 _2being true to oneself is enough.
942 _2ddc
_cFIC.
_hFic.
_n0
999 _c9160
_d9160